Assessment of liquidated and ascertained damages on building contracts: report by a Select Working Party ... (Record no. 87295)

MARC details
000 -LEADER
fixed length control field 00546cam a2200193 4500
001 - CONTROL NUMBER
control field D8834
008 - FIXED-LENGTH DATA ELEMENTS--GENERAL INFORMATION
fixed length control field 090401t1984 xxu||||| |||| 00| 0 eng d
035 ## - SYSTEM CONTROL NUMBER
System control number (Sirsi) u15664
041 ## - LANGUAGE CODE
Language code of text/sound track or separate title eng
050 ## - LIBRARY OF CONGRESS CALL NUMBER
Classification number 692.8
110 ## - MAIN ENTRY--CORPORATE NAME
Corporate name or jurisdiction name as entry element Society of Chief Quantity Surveyors in Local Government
9 (RLIN) 3033
245 ## - TITLE STATEMENT
Title Assessment of liquidated and ascertained damages on building contracts: report by a Select Working Party ...
250 ## - EDITION STATEMENT
Edition statement Rev
260 ## - PUBLICATION, DISTRIBUTION, ETC.
Place of publication, distribution, etc. London
Name of publisher, distributor, etc. SCQS
Date of publication, distribution, etc. 1984
300 ## - PHYSICAL DESCRIPTION
Extent 14p. 30cm
350 ## - PRICE (NR) (BK AM CF MU VM SE) [OBSOLETE]
Price 0
942 ## - ADDED ENTRY ELEMENTS (KOHA)
Suppress in OPAC 0
948 ## - LOCAL PROCESSING INFORMATION (OCLC); SERIES PART DESIGNATOR (RLIN)
c (OCLC) 04/03/1997
Holdings
Withdrawn status Lost status Source of classification or shelving scheme Damaged status Not for loan Home library Current library Shelving location Date acquired Total Checkouts Full call number Barcode Date last seen Date last checked out Copy number Price effective from Koha item type
    Dewey Decimal Classification     London London Basement 14/09/1999 5 BASEMENT 30004637 06/08/2019 19/01/2006 1 06/08/2019 Book